ZnO Nanostructures for Tissue Regeneration, Drug-Delivery and Theranostics Applications (Record no. 34180)

MARC details
000 -LEADER
fixed length control field 00913nam a2200121Ia 4500
008 - FIXED-LENGTH DATA ELEMENTS--GENERAL INFORMATION
fixed length control field 220620s9999||||xx |||||||||||||| ||und||
245 #0 - TITLE STATEMENT
Title ZnO Nanostructures for Tissue Regeneration, Drug-Delivery and Theranostics Applications
546 ## - LANGUAGE NOTE
Language note English[eng]
650 ## - SUBJECT ADDED ENTRY--TOPICAL TERM
Topical term or geographic name entry element ZnO nanoparticles||Quantum dots||theranostic||drug delivery||anti-tumour||diabetes treatment||anti-inflammation||antibacterial||antifungal||wound healing||denture stomatitis||polymethylmethacrylate||zinc oxide nanoparticles||Candida albicans||mesoporous glasses||ZnO-additions||osteostatin loading||osteosteoblast cell cultures||osteogenic effect||zinc oxide||microwave solvothermal synthesis||hydrodynamic size||surface chemistry||nanocrystals||cell cytotoxicity||Supercritical CO2||ibuprofen||NsZnO||antimicrobial activity||n/a
700 ## - ADDED ENTRY--PERSONAL NAME
Personal name Cauda, Valentina||Laurenti, Marco
856 ## - ELECTRONIC LOCATION AND ACCESS
Uniform Resource Identifier <a href="https://mdpi.com/books/pdfview/book/3538">https://mdpi.com/books/pdfview/book/3538</a>
942 ## - ADDED ENTRY ELEMENTS (KOHA)
Koha item type E-Books
Holdings
Withdrawn status Lost status Damaged status Not for loan Home library Current library Date acquired Total Checkouts Date last seen Price effective from Koha item type
        Kerala University of Digital Sciences, Innovation and Technology Knowledge Centre Kerala University of Digital Sciences, Innovation and Technology Knowledge Centre 20/06/2022   20/06/2022 20/06/2022 E-Books